| 000 | 00383nam a2200157Ia 4500 | ||
|---|---|---|---|
| 008 | 221030s9999 xx 000 0 und d | ||
| 020 | _a812240166X | ||
| 041 | _aEnglish | ||
| 082 | _a105.23 | ||
| 100 | _aS. K. Pillai | ||
| 245 | 2 |
_aA First Course on Electrical Drives _cby S. K. Pillai |
|
| 260 |
_bWiley Eastern _aNew Delhi _c1990 |
||
| 300 | _a235 | ||
| 650 | _aEE | ||
| 942 | _cBK | ||
| 999 |
_c6089 _d6089 |
||